[Event "SV Wattenscheid 1 - Oberhausener SV 1"]
[Site "Oberliga NRW 2015/2016"]
[Date "2015.09.27"]
[Round "1.1"]
[White "Hort, Vlastimil"]
[Black "Kerigan, Demre"]
[Result "1/2-1/2"]
[WhiteElo "2393"]
[BlackElo "2386"]
[PlyCount "94"]
[EventDate "2015.??.??"]
[WhiteTeam "Oberhausener SV 1"]
[BlackTeam "SV Wattenscheid 1"]

1. d4 g6 2. c4 Bg7 3. Nc3 d6 4. e4 Nf6 5. Nf3 O-O 6. h3 e5 7. d5 Nh5 8. g3 Qe8
9. Be2 f5 10. exf5 gxf5 11. Nh4 Nf6 12. Qc2 Na6 13. Nxf5 Bxf5 14. Qxf5 Nxd5 15.
Qg4 Nxc3 16. bxc3 Nc5 17. Be3 Qg6 18. O-O e4 19. Bd4 Rae8 20. Rab1 b6 21. Kg2
Ne6 22. Rbd1 Ng5 23. Rfe1 Re7 24. a4 Ref7 25. Rf1 Re7 26. Rfe1 a5 27. Rf1 Nf3
28. Qxg6 hxg6 29. h4 Rf5 30. Kh3 Ref7 31. Bxf3 Rxf3 32. Kg2 Bxd4 33. cxd4 Rc3
34. Rc1 Rff3 35. Rce1 Rxc4 36. Rxe4 Rf7 37. Rg4 Kh7 38. h5 gxh5 39. Rg5 Rxd4
40. Rh1 Rg7 41. Rgxh5+ Kg8 42. Rh8+ Kf7 43. Re1 Rxa4 44. Ree8 Rc4 45. f4 Rc2+
46. Kf3 Rc3+ 47. Kf2 Rgxg3 1/2-1/2

[Event "SV Wattenscheid 1 - Oberhausener SV 1"]
[Site "Oberliga NRW 2015/2016"]
[Date "2015.09.27"]
[Round "1.2"]
[White "Hopman, Pieter"]
[Black "Becker, Marcel"]
[Result "0-1"]
[WhiteElo "2319"]
[BlackElo "2321"]
[PlyCount "106"]
[EventDate "2015.??.??"]
[WhiteTeam "SV Wattenscheid 1"]
[BlackTeam "Oberhausener SV 1"]

1. d4 d5 2. c4 c6 3. Nf3 Nf6 4. e3 Bg4 5. Qb3 Qb6 6. Nc3 e6 7. Nh4 Be7 8. h3
Bh5 9. g4 Bg6 10. Nxg6 hxg6 11. Bg2 g5 12. Bd2 Nbd7 13. Qa4 Qc7 14. c5 e5 15.
b4 e4 16. b5 Nf8 17. Bf1 Ng6 18. bxc6 bxc6 19. Rb1 O-O 20. Ba6 Rab8 21. Rb3 Nh4
22. Nb1 Nf3+ 23. Kd1 Nxd2 24. Nxd2 Nd7 25. Rxb8 Rxb8 26. Kc2 Nf8 27. Nb3 Bd8
28. Qa3 Ng6 29. Kb1 Qd7 30. Ka1 f5 31. Be2 f4 32. Rb1 Qc7 33. Qa6 Nh4 34. Bf1
Nf3 35. Be2 Bf6 36. Bxf3 exf3 37. Qd3 Re8 38. Re1 Re4 39. Kb1 Qb8 40. Kc2 Qb4
41. Kd1 Qa4 42. Qc2 Qa6 43. Nd2 fxe3 44. Nxe4 e2+ 45. Kd2 dxe4 46. Ke3 Qa5 47.
Qb1 Qc3+ 48. Kxe4 Bxd4 49. Qb8+ Kh7 50. Qe8 g6 51. Qe7+ Bg7 52. Qxg5 Qxe1 53.
Kxf3 Qd1 0-1

[Event "SV Wattenscheid 1 - Oberhausener SV 1"]
[Site "Oberliga NRW 2015/2016"]
[Date "2015.09.27"]
[Round "1.3"]
[White "Kaufeld, Juergen"]
[Black "Peelen, Piet"]
[Result "1-0"]
[WhiteElo "2261"]
[BlackElo "2309"]
[PlyCount "43"]
[EventDate "2015.??.??"]
[WhiteTeam "Oberhausener SV 1"]
[BlackTeam "SV Wattenscheid 1"]

1. e4 c6 2. d4 d5 3. e5 Bf5 4. h4 h5 5. Bd3 Bxd3 6. Qxd3 e6 7. Bg5 Qa5+ 8. Nd2
Qa6 9. c4 Bb4 10. b3 Ne7 11. Ne2 Nd7 12. O-O f6 13. a3 Bxd2 14. Bxd2 dxc4 15.
bxc4 O-O-O 16. Qc3 fxe5 17. dxe5 Nc5 18. Be3 Rd3 19. Qb4 Rxe3 20. fxe3 b6 21.
Nd4 Rd8 22. Nxe6 1-0

[Event "SV Wattenscheid 1 - Oberhausener SV 1"]
[Site "Oberliga NRW 2015/2016"]
[Date "2015.09.27"]
[Round "1.5"]
[White "Kummerow, Heiko"]
[Black "Hirsch, Stefan"]
[Result "1/2-1/2"]
[WhiteElo "2220"]
[BlackElo "2193"]
[PlyCount "40"]
[EventDate "2015.??.??"]
[WhiteTeam "Oberhausener SV 1"]
[BlackTeam "SV Wattenscheid 1"]

1. e4 e5 2. Nf3 Nc6 3. Bc4 Bc5 4. c3 Nf6 5. d4 exd4 6. e5 d5 7. Bb5 Ne4 8. cxd4
Bb4+ 9. Bd2 Bxd2+ 10. Nbxd2 O-O 11. O-O Bg4 12. Bxc6 bxc6 13. Qc2 Rb8 14. b3
Rb4 15. Nxe4 dxe4 16. Qxe4 Bxf3 17. Qxf3 Rxd4 18. Qxc6 Rd2 19. Qc5 a6 20. Qc4
a5 1/2-1/2

[Event "SV Wattenscheid 1 - Oberhausener SV 1"]
[Site "Oberliga NRW 2015/2016"]
[Date "2015.09.27"]
[Round "1.6"]
[White "Koerber, Matthias"]
[Black "Soehnchen, Andreas"]
[Result "1-0"]
[WhiteElo "2139"]
[BlackElo "2146"]
[PlyCount "63"]
[EventDate "2015.??.??"]
[WhiteTeam "SV Wattenscheid 1"]
[BlackTeam "Oberhausener SV 1"]

1. d4 d5 2. c4 c6 3. Nc3 Nf6 4. Nf3 dxc4 5. e3 b5 6. a4 b4 7. Nb1 Ba6 8. Nbd2
c3 9. bxc3 bxc3 10. Nc4 e6 11. Ba3 Bxa3 12. Rxa3 Ne4 13. Qc2 Bxc4 14. Bxc4 Nd2
15. Be2 Qa5 16. Nxd2 cxd2+ 17. Qxd2 Qxd2+ 18. Kxd2 Nd7 19. Rc1 Rc8 20. Rb3 Rb8
21. Rxb8+ Nxb8 22. Rb1 O-O 23. Rb7 Rd8 24. Kc3 Nd7 25. Rxa7 c5 26. a5 cxd4+ 27.
exd4 Nf6 28. Bf3 Nd5+ 29. Bxd5 exd5 30. a6 g6 31. Rb7 Rc8+ 32. Kb4 1-0

[Event "SV Wattenscheid 1 - Oberhausener SV 1"]
[Site "Oberliga NRW 2015/2016"]
[Date "2015.09.27"]
[Round "1.7"]
[White "Ciornei, Dragos"]
[Black "Kaehmann, Joerg"]
[Result "1-0"]
[WhiteElo "2133"]
[BlackElo "2181"]
[PlyCount "57"]
[EventDate "2015.??.??"]
[WhiteTeam "Oberhausener SV 1"]
[BlackTeam "SV Wattenscheid 1"]

1. e4 c5 2. Nf3 Nc6 3. d4 cxd4 4. Nxd4 Qb6 5. Nb3 Nf6 6. Nc3 e6 7. Bd3 a6 8.
O-O Qc7 9. f4 d6 10. Qe2 b5 11. a3 Be7 12. Bd2 O-O 13. Kh1 Re8 14. Rae1 Nd7 15.
Qh5 b4 16. axb4 Nxb4 17. Nb5 axb5 18. Bxb4 Bb7 19. Bxb5 Bxe4 20. Rxe4 Nf6 21.
Qe2 Reb8 22. Rd4 Nd5 23. Rxd5 exd5 24. Bc3 Bf8 25. Bd3 g6 26. f5 Ra4 27. fxg6
hxg6 28. Bxg6 fxg6 29. Qe6+ 1-0

[Event "SV Wattenscheid 1 - Oberhausener SV 1"]
[Site "Oberliga NRW 2015/2016"]
[Date "2015.09.27"]
[Round "1.8"]
[White "Schroeder, Wilfried"]
[Black "Nissen, Claus"]
[Result "1-0"]
[WhiteElo "2104"]
[BlackElo "2087"]
[PlyCount "63"]
[EventDate "2015.??.??"]
[WhiteTeam "SV Wattenscheid 1"]
[BlackTeam "Oberhausener SV 1"]

1. d4 d5 2. Nf3 Nf6 3. c4 c6 4. Qc2 g6 5. Bf4 Bg7 6. e3 O-O 7. Nc3 a6 8. Bd3
Nh5 9. Be5 f6 10. Bxb8 Rxb8 11. cxd5 cxd5 12. Nxd5 e5 13. O-O Bg4 14. dxe5 Rc8
15. Nc3 Bxf3 16. gxf3 Rc5 17. Be4 f5 18. Bxb7 f4 19. e4 Rxe5 20. Rad1 Qh4 21.
Rd5 g5 22. Rxe5 Bxe5 23. Qb3+ Kh8 24. Qe6 Bxc3 25. bxc3 Nf6 26. e5 g4 27. Qf5
Nd7 28. Qxd7 Rg8 29. fxg4 Rxg4+ 30. Kh1 Rg7 31. Qc8+ Rg8 32. Qf5 1-0

[Event "SV Würselen 1 - Düsseldorfer SK 1"]
[Site "Oberliga NRW 2015/2016"]
[Date "2015.09.27"]
[Round "1.1"]
[White "Coenen, Michael"]
[Black "Chatalbashev, Boris"]
[Result "0-1"]
[WhiteElo "2387"]
[BlackElo "2524"]
[PlyCount "50"]
[EventDate "2015.??.??"]
[WhiteTeam "Düsseldorfer SK 1"]
[BlackTeam "SV Würselen 1"]

1. d4 Nf6 2. Bg5 Ne4 3. Bf4 c5 4. Nd2 Nxd2 5. Qxd2 cxd4 6. Nf3 d6 7. Qxd4 e5 8.
Qe3 Be7 9. Bg5 f6 10. Bh4 g5 11. Bg3 f5 12. Bxe5 dxe5 13. Qxe5 O-O 14. Rd1 Qe8
15. e3 Bf6 16. Bc4+ Kg7 17. Qc7+ Qe7 18. Qxe7+ Bxe7 19. Nd4 Nc6 20. Ne6+ Bxe6
21. Bxe6 Kf6 22. Bd7 Ne5 23. Ba4 Nc4 24. Bb3 Nxb2 25. Rd7 Rfd8 0-1

[Event "SV Würselen 1 - Düsseldorfer SK 1"]
[Site "Oberliga NRW 2015/2016"]
[Date "2015.09.27"]
[Round "1.3"]
[White "Hainke, Guntram"]
[Black "Docx, Stefan"]
[Result "0-1"]
[WhiteElo "2305"]
[BlackElo "2414"]
[PlyCount "68"]
[EventDate "2015.??.??"]
[WhiteTeam "Düsseldorfer SK 1"]
[BlackTeam "SV Würselen 1"]

1. d4 Nf6 2. c4 c5 3. d5 b5 4. Qc2 bxc4 5. e4 e6 6. Bxc4 exd5 7. exd5 d6 8. Nf3
Be7 9. O-O O-O 10. Nc3 Nbd7 11. h3 Nb6 12. b3 Rb8 13. Bf4 Nxc4 14. bxc4 Ba6 15.
Nd2 Re8 16. Rab1 Rb4 17. a3 Rxb1 18. Rxb1 Nd7 19. Nce4 Nb6 20. Qc3 f5 21. Ng3
g6 22. Re1 Bf8 23. Re6 Rxe6 24. dxe6 Bc8 25. Ngf1 Bxe6 26. Ne3 d5 27. Qe5 Bf7
28. cxd5 Nxd5 29. Bg5 Qd6 30. Ndc4 Qxe5 31. Nxe5 Be6 32. Nc6 Nxe3 33. Bxe3 a6
34. Nd8 Bd5 0-1

[Event "SV Würselen 1 - Düsseldorfer SK 1"]
[Site "Oberliga NRW 2015/2016"]
[Date "2015.09.27"]
[Round "1.4"]
[White "Beukema, Stefan"]
[Black "Schuh, Dirk"]
[Result "1/2-1/2"]
[WhiteElo "2326"]
[BlackElo "2304"]
[PlyCount "39"]
[EventDate "2015.??.??"]
[WhiteTeam "SV Würselen 1"]
[BlackTeam "Düsseldorfer SK 1"]

1. e4 Nf6 2. e5 Nd5 3. d4 d6 4. Nf3 dxe5 5. Nxe5 c6 6. Nd2 Nd7 7. Ndf3 Nxe5 8.
Nxe5 g6 9. h4 Bg7 10. h5 Be6 11. Be2 Qb6 12. c4 Nb4 13. O-O Rd8 14. c5 Qc7 15.
Bf4 Nd5 16. Bh2 Qc8 17. Qd2 O-O 18. Rfe1 Nf6 19. Bf4 Nd7 20. Qc3 1/2-1/2

[Event "SV Würselen 1 - Düsseldorfer SK 1"]
[Site "Oberliga NRW 2015/2016"]
[Date "2015.09.27"]
[Round "1.5"]
[White "van Assendelft, Floris"]
[Black "Huhndorf, Arnold"]
[Result "1-0"]
[WhiteElo "2343"]
[BlackElo "2218"]
[PlyCount "57"]
[EventDate "2015.??.??"]
[WhiteTeam "Düsseldorfer SK 1"]
[BlackTeam "SV Würselen 1"]

1. e4 c5 2. Nf3 Nc6 3. d4 cxd4 4. Nxd4 g6 5. Nc3 Bg7 6. Nb3 Nf6 7. Be2 O-O 8.
O-O d6 9. Re1 a6 10. Bf1 b5 11. a4 b4 12. Nd5 e6 13. Nxf6+ Bxf6 14. f4 e5 15.
f5 gxf5 16. exf5 Bxf5 17. Qf3 Bxc2 18. Bh6 Re8 19. Bc4 Bxb3 20. Bxb3 Nd4 21.
Qg4+ Kh8 22. Bxf7 Re7 23. Bd5 Rc8 24. Rf1 Rec7 25. Rf2 Bg7 26. Qh5 Qe8 27. Qh3
Bxh6 28. Qxh6 Qg6 29. Rf8+ 1-0

[Event "SV Würselen 1 - Düsseldorfer SK 1"]
[Site "Oberliga NRW 2015/2016"]
[Date "2015.09.27"]
[Round "1.6"]
[White "Weimann, Maximilian"]
[Black "Plukkel, Sjoerd"]
[Result "1/2-1/2"]
[WhiteElo "2197"]
[BlackElo "2256"]
[Annotator "Hausrath,Daniel"]
[PlyCount "128"]
[EventDate "2015.??.??"]
[WhiteTeam "SV Würselen 1"]
[BlackTeam "Düsseldorfer SK 1"]

1. e4 c5 2. Nf3 d6 3. d4 cxd4 4. Nxd4 Nf6 5. Nc3 Nc6 6. g3 Qb6 7. Nb3 Bg4 8. f3
Bd7 9. Qe2 g6 10. Be3 Qc7 11. Bg5 Bg7 12. Bxf6 exf6 13. Rd1 O-O 14. Nb5 Qb6 15.
Qf2 f5 16. Rxd6 Rfd8 17. Qxb6 axb6 18. exf5 Rxa2 19. fxg6 hxg6 20. Bc4 Ne5 21.
Be2 Rxb2 22. Kd2 Rc8 23. N5d4 Bf5 24. Rc1 Bxc2 25. Rxc2 Rcxc2+ 26. Nxc2 Rxb3
27. Nd4 Rb2+ 28. Kc1 Rb4 29. Nc2 Rb3 30. Nd4 Rc3+ 31. Kd2 Rc7 32. Nb5 Rc6 33.
f4 Bh6 34. Kd1 Kg7 35. Ke1 Rc1+ 36. Kf2 Nc6 37. Rd7 Kg8 38. Rxb7 Bf8 39. Rd7
Bc5+ 40. Kg2 Rc2 41. Kf1 Ne7 42. g4 $11 f5 43. h3 Kf7 44. Nc7 Rc3 45. Kg2 Rc2
46. Kf3 Kf6 47. Bb5 Rc3+ 48. Kg2 g5 49. Rxe7 Rc2+ 50. Re2 Rxe2+ 51. Bxe2 gxf4
52. gxf5 Kxf5 53. Nd5 Kg5 54. Kf3 Be3 55. Nxe3 fxe3 56. Kxe3 Kf6 57. Kf4 b5 58.
Bxb5 Kg7 59. Kg5 Kh7 60. h4 Kg7 61. h5 Kh7 62. h6 Kh8 63. Kg6 Kg8 64. Bc4+ Kh8
1/2-1/2

[Event "SV Würselen 1 - Düsseldorfer SK 1"]
[Site "Oberliga NRW 2015/2016"]
[Date "2015.09.27"]
[Round "1.7"]
[White "Duijker, Rick"]
[Black "Goossens, Etienne"]
[Result "1-0"]
[WhiteElo "2269"]
[BlackElo "2187"]
[Annotator "Hausrath,Daniel"]
[PlyCount "151"]
[EventDate "2015.??.??"]
[WhiteTeam "Düsseldorfer SK 1"]
[BlackTeam "SV Würselen 1"]

1. c4 e6 2. Nf3 Nf6 3. g3 d5 4. Bg2 Be7 5. O-O O-O 6. b3 Nbd7 7. Bb2 b6 8. cxd5
exd5 9. Nd4 Bb7 10. Nf5 Re8 11. Nxe7+ Qxe7 12. Re1 c5 13. d4 Rad8 14. Nc3 Ne4
$11 15. e3 Qf6 16. Qc2 cxd4 17. Nxe4 dxe4 18. Qc7 Nc5 19. Bxd4 Qd6 20. Qxd6
Rxd6 21. Bxc5 bxc5 22. Rec1 Re5 23. Rd1 Ree6 24. Bh3 Rf6 25. Bf1 g6 26. Rac1
Ba6 27. Bxa6 Rxd1+ 28. Rxd1 Rxa6 29. Rd2 Kg7 30. Kf1 Kf6 31. Ke2 Ke5 32. Kd1 g5
33. Rc2 Kd5 34. Rd2+ Ke5 35. Rc2 Kd5 36. Rd2+ Kc6 37. a4 Rb6 38. Kc2 c4 39.
bxc4 Rb4 40. Rd4 f5 41. Kc3 Rxa4 42. Rd5 Ra3+ 43. Kb2 Ra4 44. Rxf5 Rxc4 45.
Rxg5 Rb4+ 46. Kc3 Rb7 47. Rf5 Kd6 48. g4 Ke6 49. h3 Rd7 50. Ra5 Rb7 51. h4 Rd7
52. g5 Rb7 53. h5 Rd7 54. Ra6+ Kf5 55. g6 hxg6 56. Rxg6 Rh7 57. Ra6 Rd7 58. h6
Rb7 59. Kc4 Rc7+ 60. Kd5 Rh7 61. Ra5 Re7 62. Kd6+ Kf6 63. Rh5 Rh7 64. Kd5 Kg6
65. Rh1 Kf5 66. Rh5+ Kg6 67. Rh1 Kf5 68. Kd4 Rd7+ 69. Kc5 Rc7+ 70. Kd6 Rh7 71.
Rh2 a5 72. Kc5 Kg6 73. Kb5 Rb7+ 74. Ka6 Rb8 75. h7 Ra8+ 76. Kb5 1-0

[Event "SV Würselen 1 - Düsseldorfer SK 1"]
[Site "Oberliga NRW 2015/2016"]
[Date "2015.09.27"]
[Round "1.8"]
[White "Andok, Claus Michael"]
[Black "Herzum, Peter"]
[Result "1-0"]
[WhiteElo "2074"]
[BlackElo "1969"]
[PlyCount "67"]
[EventDate "2015.??.??"]
[WhiteTeam "SV Würselen 1"]
[BlackTeam "Düsseldorfer SK 1"]

1. c4 e5 2. g3 Nc6 3. Bg2 f5 4. Nc3 Nf6 5. d3 Bb4 6. Bd2 O-O 7. a3 Bxc3 8. Bxc3
d6 9. b4 Qe8 10. b5 Ne7 11. Nf3 f4 12. Qb3 Nf5 13. Ng5 Qh5 14. Ne4 Nxe4 15.
Bxe4 Be6 16. Bf3 Qg5 17. Bxb7 Rab8 18. Be4 Nh6 19. Bd2 Qf6 20. f3 Nf5 21. Bxf5
Bxf5 22. Qc3 g5 23. g4 Be6 24. a4 Qh6 25. h3 Qg6 26. Kf1 h5 27. Be1 Kf7 28. Bf2
Rh8 29. Kg2 Rh6 30. c5 Rbh8 31. cxd6 cxd6 32. Qc7+ Kf6 33. Qxd6 hxg4 34. fxg4
1-0

[Event "SVG Plettenberg 1 - SV Letmathe 1"]
[Site "Oberliga NRW 2015/2016"]
[Date "2015.09.27"]
[Round "1.1"]
[White "Podzielny, Karl-Heinz"]
[Black "Szabo, Gergely-Andras-Gyul"]
[Result "0-1"]
[WhiteElo "2315"]
[BlackElo "2556"]
[PlyCount "76"]
[EventDate "2015.??.??"]
[WhiteTeam "SV Letmathe 1"]
[BlackTeam "SVG Plettenberg 1"]

1. Nf3 c5 2. g3 Nc6 3. Bg2 e5 4. d3 g6 5. c3 Bg7 6. a3 Nge7 7. b4 d6 8. O-O O-O
9. Nbd2 Qc7 10. Rb1 Rb8 11. bxc5 dxc5 12. a4 h6 13. Nc4 Be6 14. Nfd2 f5 15. Rb5
b6 16. a5 Kh7 17. Ba3 e4 18. axb6 axb6 19. dxe4 Bxc3 20. exf5 Nxf5 21. Ne4 Bxc4
22. Nxc3 Ncd4 23. Rb2 Qa7 24. Qa4 Nxe2+ 25. Kh1 Qxa4 26. Nxa4 Nexg3+ 27. hxg3
Bxf1 28. Bxf1 Nxg3+ 29. Kg2 Nxf1 30. Nxb6 Rf5 31. Kxf1 h5 32. Rb5 h4 33. Kg2
Rb7 34. Bxc5 g5 35. Ra5 g4 36. Na4 Rg7 37. Nc3 g3 38. f3 h3+ 0-1

[Event "SVG Plettenberg 1 - SV Letmathe 1"]
[Site "Oberliga NRW 2015/2016"]
[Date "2015.09.27"]
[Round "1.2"]
[White "Haub, Thorsten Michael"]
[Black "Kolosowski, Mateusz"]
[Result "1/2-1/2"]
[WhiteElo "2333"]
[BlackElo "2426"]
[PlyCount "54"]
[EventDate "2015.??.??"]
[WhiteTeam "SVG Plettenberg 1"]
[BlackTeam "SV Letmathe 1"]

1. Nf3 c5 2. g3 Nc6 3. Bg2 g6 4. O-O Bg7 5. d3 e5 6. e4 Nge7 7. c3 O-O 8. Nbd2
d6 9. Nh4 Be6 10. f4 exf4 11. gxf4 f5 12. Ndf3 h6 13. Kh1 Kh7 14. Qe1 Qe8 15.
Qg3 Qf7 16. a3 Rae8 17. Bd2 c4 18. exf5 gxf5 19. dxc4 Bxc4 20. Rg1 Rg8 21. Qh3
Qh5 22. Be1 Be6 23. Nd2 Nd5 24. Bf3 Qf7 25. Qf1 Bf6 26. Rxg8 Rxg8 27. Ng2 Nde7
1/2-1/2

[Event "SVG Plettenberg 1 - SV Letmathe 1"]
[Site "Oberliga NRW 2015/2016"]
[Date "2015.09.27"]
[Round "1.3"]
[White "Adamski, Jan"]
[Black "Bosch, Jeroen"]
[Result "1/2-1/2"]
[WhiteElo "2267"]
[BlackElo "2343"]
[PlyCount "27"]
[EventDate "2015.??.??"]
[WhiteTeam "SV Letmathe 1"]
[BlackTeam "SVG Plettenberg 1"]

1. Nf3 d6 2. d4 Nf6 3. c4 Nbd7 4. Nc3 g6 5. e4 e5 6. Be2 Bg7 7. O-O O-O 8. Be3
Re8 9. Qc2 exd4 10. Nxd4 Nc5 11. f3 c6 12. Rad1 Qc7 13. Qd2 Nfd7 14. Nb3
1/2-1/2

[Event "SVG Plettenberg 1 - SV Letmathe 1"]
[Site "Oberliga NRW 2015/2016"]
[Date "2015.09.27"]
[Round "1.4"]
[White "Klip, Hans"]
[Black "Schleining, Zoya"]
[Result "0-1"]
[WhiteElo "2346"]
[BlackElo "2317"]
[Annotator "Hausrath,Daniel"]
[PlyCount "92"]
[EventDate "2015.??.??"]
[WhiteTeam "SVG Plettenberg 1"]
[BlackTeam "SV Letmathe 1"]

1. e4 c5 2. Nf3 e6 3. Nc3 Nc6 4. Bb5 Nge7 5. O-O a6 6. Bxc6 Nxc6 7. Re1 Be7 8.
d4 cxd4 9. Nxd4 d6 10. Nxc6 bxc6 11. Qg4 Kf8 12. b3 Qa5 13. Qg3 e5 14. Bd2 Be6
15. Rad1 Qc7 16. Na4 f6 17. c4 g5 18. Be3 Rb8 19. f3 Kf7 $11 20. Qf2 Rb7 21.
Rc1 Rg8 22. Red1 f5 23. exf5 Bxf5 24. Nc3 Qc8 25. Ne4 Qe6 26. Re1 h6 27. Re2
Rd7 28. c5 d5 29. Nd6+ Bxd6 30. cxd6 Qxd6 31. Bc5 Qf6 32. Rce1 Re8 33. Qe3 d4
34. Qd2 $11 Rd5 35. b4 Bg6 36. g3 Kg8 37. Rf2 Re6 38. Re4 Rd8 39. h4 Bxe4 40.
fxe4 Qg7 41. Qd3 Rf6 42. Rg2 gxh4 43. g4 Rd7 44. Qxa6 Rdf7 45. Qc8+ Kh7 46. Qd8
h3 0-1

[Event "SVG Plettenberg 1 - SV Letmathe 1"]
[Site "Oberliga NRW 2015/2016"]
[Date "2015.09.27"]
[Round "1.5"]
[White "Soukup, Jiri"]
[Black "Bouaraba, Max"]
[Result "1-0"]
[WhiteElo "2308"]
[BlackElo "2190"]
[PlyCount "111"]
[EventDate "2015.??.??"]
[WhiteTeam "SV Letmathe 1"]
[BlackTeam "SVG Plettenberg 1"]

1. e4 Nf6 2. e5 Nd5 3. d4 d6 4. f4 Bf5 5. Nf3 e6 6. Bd3 Bxd3 7. Qxd3 c5 8. c3
Nc6 9. a3 cxd4 10. cxd4 Be7 11. O-O O-O 12. Nc3 Nxc3 13. bxc3 Qa5 14. Rb1 Rab8
15. exd6 Bxd6 16. Rb5 Qa4 17. Ng5 g6 18. f5 exf5 19. Rbxf5 Be7 20. Nxh7 gxf5
21. Qxf5 Nxd4 22. cxd4 Qxd4+ 23. Kh1 Qh4 24. Nxf8 Rxf8 25. g3 Qc4 26. Be3 Rd8
27. Kg1 Qe6 28. Qxe6 fxe6 29. a4 b6 30. Rc1 Rd3 31. Kf2 Rd7 32. Kf3 Rb7 33. Ke4
Bd6 34. Rc8+ Kf7 35. Rh8 Rc7 36. Kd3 Be5 37. Rh5 Rc3+ 38. Kd2 Bg7 39. Rh7 Rc7
40. Rh4 e5 41. Kd3 Ke6 42. Rb4 Bf8 43. Rg4 Kd5 44. h4 Rg7 45. Rxg7 Bxg7 46. g4
e4+ 47. Ke2 Be5 48. g5 Ke6 49. h5 Kf5 50. g6 a6 51. Bxb6 Kg5 52. Ke3 Kxh5 53.
Kxe4 Bc3 54. Bd4 Bxd4 55. Kxd4 Kxg6 56. Kc5 1-0

[Event "SVG Plettenberg 1 - SV Letmathe 1"]
[Site "Oberliga NRW 2015/2016"]
[Date "2015.09.27"]
[Round "1.6"]
[White "Pieper, Dawid"]
[Black "Gruermann, Martin"]
[Result "0-1"]
[WhiteElo "2165"]
[BlackElo "2128"]
[Annotator "Hausrath,Daniel"]
[PlyCount "80"]
[EventDate "2015.??.??"]
[WhiteTeam "SVG Plettenberg 1"]
[BlackTeam "SV Letmathe 1"]

1. e4 Nf6 2. e5 Nd5 3. Nc3 Nxc3 4. bxc3 d6 5. f4 g6 6. d4 Bg7 7. Nf3 O-O 8. Bd3
c5 9. O-O dxe5 10. dxe5 Nc6 11. Be3 b6 12. Qe1 Qc7 13. Qh4 Bf5 14. Bxf5 gxf5
15. Qh5 e6 16. g4 fxg4 17. Ng5 h6 18. Ne4 f5 19. exf6 Bxf6 20. Qxh6 Qg7 21.
Qxg7+ Kxg7 22. Rad1 Rad8 23. Kg2 $11 Ne7 24. Nf2 Bxc3 25. Nxg4 Nd5 26. Bc1 Nb4
27. f5 Rxd1 28. Rxd1 Rxf5 29. Rd7+ Rf7 30. Bh6+ Kg6 31. Rd6 Nxc2 32. Bd2 Bd4
33. h3 Re7 34. Kf3 Na3 35. Rd8 Nc4 36. Bf4 e5 37. Bc1 e4+ 38. Kf4 e3 39. Rd5 e2
40. Rg5+ Kf7 0-1

[Event "SVG Plettenberg 1 - SV Letmathe 1"]
[Site "Oberliga NRW 2015/2016"]
[Date "2015.09.27"]
[Round "1.7"]
[White "Haude, Ruediger"]
[Black "Schulze, Marc"]
[Result "1-0"]
[WhiteElo "2035"]
[BlackElo "2041"]
[PlyCount "75"]
[EventDate "2015.??.??"]
[WhiteTeam "SV Letmathe 1"]
[BlackTeam "SVG Plettenberg 1"]

1. d4 Nf6 2. Nf3 d6 3. c4 Nbd7 4. Nc3 e5 5. d5 c6 6. e4 Be7 7. Be2 O-O 8. h3
Qc7 9. Be3 Nc5 10. Nd2 a5 11. O-O Bd7 12. f4 exf4 13. Bxf4 Qb6 14. Kh1 Qxb2 15.
Rc1 Qb6 16. e5 Ne8 17. Nde4 Nxe4 18. Nxe4 cxd5 19. cxd5 Bc8 20. Bd3 dxe5 21.
Bxe5 f5 22. d6 Bh4 23. Nc5 Nf6 24. Bxf6 Bxf6 25. d7 g6 26. Bc4+ Kh8 27. Ne6 Rg8
28. Qd5 Qc6 29. Qxc6 bxc6 30. dxc8=Q Rgxc8 31. Rb1 Rab8 32. Rfd1 Rb4 33. Rxb4
axb4 34. Rd7 c5 35. Kg1 Ra8 36. Kf1 Rc8 37. Ke2 Be5 38. Ng5 1-0

[Event "SVG Plettenberg 1 - SV Letmathe 1"]
[Site "Oberliga NRW 2015/2016"]
[Date "2015.09.27"]
[Round "1.8"]
[White "Richardt, Mike"]
[Black "Pfleger, Sascha"]
[Result "1-0"]
[WhiteElo "1985"]
[BlackElo "1985"]
[Annotator "Hausrath,Daniel"]
[PlyCount "97"]
[EventDate "2015.??.??"]
[WhiteTeam "SVG Plettenberg 1"]
[BlackTeam "SV Letmathe 1"]

1. d4 e6 2. c4 Bb4+ 3. Bd2 Qe7 4. Nf3 Nf6 5. Nc3 Bxc3 6. Bxc3 Ne4 7. Qc2 Nxc3
8. Qxc3 O-O 9. e3 a5 10. Bd3 Nc6 11. Rc1 d6 12. O-O e5 13. dxe5 Nxe5 14. Nxe5
Qxe5 15. Qc2 g6 16. Rfd1 Re8 17. Qb3 b6 18. Bf1 Bb7 19. Qb5 Re7 20. Qxe5 Rxe5
21. b3 Rae8 22. Rd2 R8e7 23. g3 Rc5 24. Rcc2 $11 Be4 25. Bd3 Bxd3 26. Rxd3 b5
27. Rdc3 b4 28. Rd3 f5 29. Rcd2 Rce5 30. Kf1 g5 31. Rd4 Kg7 32. Rd5 Kf6 33. Ke2
g4 34. Rxe5 Rxe5 35. f4 gxf3+ 36. Kxf3 a4 37. h3 h5 38. Rd4 axb3 39. axb3 Kg5
40. h4+ Kf6 41. Kf4 Ke6 42. Rd2 Ra5 43. e4 fxe4 44. Kxe4 Re5+ 45. Kf4 Rf5+ 46.
Ke4 c6 47. Rxd6+ Kxd6 48. Kxf5 Kc5 49. Ke5 1-0

[Event "Klub Kölner SF 1 - SG Porz 2"]
[Site "Oberliga NRW 2015/2016"]
[Date "2015.09.27"]
[Round "1.1"]
[White "Malykin, Vitaly"]
[Black "Strohhaeker, Raoul"]
[Result "1/2-1/2"]
[WhiteElo "2365"]
[BlackElo "2367"]
[PlyCount "61"]
[EventDate "2015.??.??"]
[WhiteTeam "SG Porz 2"]
[BlackTeam "Klub Kölner SF 1"]

1. Nf3 c5 2. c4 g6 3. e4 Nc6 4. d4 cxd4 5. Nxd4 Nf6 6. Nc3 d6 7. Nc2 Bg7 8. Be2
O-O 9. Be3 Nd7 10. Qd2 a5 11. O-O Nc5 12. Bh6 Bxh6 13. Qxh6 f5 14. exf5 Bxf5
15. Qd2 Bxc2 16. Qxc2 Nd4 17. Qd2 e5 18. Nb5 Rf4 19. Nxd4 Rxd4 20. Qe3 Qf6 21.
Bf3 Kg7 22. Bd5 a4 23. Rad1 Rxd1 24. Rxd1 Ra6 25. g3 Rb6 26. Rd2 Qf5 27. Kg2
Qf6 28. Re2 g5 29. Qc3 e4 30. Qe3 h6 31. Bxe4 1/2-1/2